| 000 | 00963nam a2200289 i 4500 | ||
|---|---|---|---|
| 003 | EG-GICUC | ||
| 005 | 20260426095757.0 | ||
| 008 | 260420s1988 ||| |||fr|||| 00| 0 Ara d | ||
| 040 |
_a EG-GICUC _bara _c EG-GICUC _d EG-GICUC _erda |
||
| 041 | _aAra | ||
| 082 | 0 | 4 |
_221 _a343.3 _bق ا |
| 092 | 0 | 4 | _221 |
| 099 | _aLaw1 10 343.ق ا 1988 | ||
| 245 | 0 | 0 | _aقانون الإجراءات الجنائية. |
| 264 | 1 |
_a[مكان النشر غير محدد] : _b[الناشر غير محدد]، _c1988. |
|
| 300 |
_a195 ؛صفحة _c24 سم. |
||
| 336 |
_2rda content _atext |
||
| 337 |
_2rda media _aComputer |
||
| 338 |
_2rda carrier _aOnline Resource |
||
| 546 | _aالنص باللغة العربية | ||
| 650 | 1 |
_aقانون الإجراءات الجنائية _2qrmak |
|
| 650 | 1 |
_aالقانون الجنائى _2qrmak |
|
| 651 | 1 | _2qrmak | |
| 856 | 4 | 0 | _uhttps://fll.law.cu.edu.eg/fulltext/bks/B10-09901.pdf |
| 905 | _a54 | ||
| 942 |
_2ddc _cBK _e21 _n0 |
||
| 999 |
_c72083 _d72083 |
||